Bartolomé Esteban Murillo y su escuela en Cádiz (Record no. 112801)

MARC details
000 -LEADER
campo de control de longitud fija 00443nam a2200145 4500
001 - NÚMERO DE CONTROL
campo de control 112801
003 - IDENTIFICADOR DE NÚMERO DE CONTROL
campo de control ES-MaACL
007 - CAMPO FIJO DE DESCRIPCIÓN FÍSICA--INFORMACIÓN GENERAL
campo de control de longitud fija t|
008 - DATOS DE LONGITUD FIJA--INFORMACIÓN GENERAL
campo de control de longitud fija 061121s1982 sp r ||||1| spa d
245 00 - MENCIÓN DEL TÍTULO
Título Bartolomé Esteban Murillo y su escuela en Cádiz
Resto del título : [exposición] Museo de Cádiz.
260 ## - PUBLICACIÓN, DISTRIBUCIÓN, ETC.
Lugar de publicación, distribución, etc. Cádiz :
Nombre del editor, distribuidor, etc. Diputación,
Fecha de publicación, distribución, etc. 1982.
300 ## - DESCRIPCIÓN FÍSICA
Extensión 72 p. con 18 láms ;
Dimensiones 23 cm.
710 2# - ENTRADA AGREGADA--NOMBRE DE ENTIDAD CORPORATIVA
Nombre de entidad corporativa o nombre de jurisdicción como elemento de entrada Museo de Cádiz.
9 (RLIN) 5851
852 ## - LOCALIZACIÓN
Ubicación ES-MaACL
Número de control de estantería L-4114
Sublocalización o colección R.105015
Holdings
Estatus retirado Estado de pérdida Estado de daño No para préstamo Biblioteca de origen Biblioteca actual Ubicación en estantería Fecha de adquisición Fuente de adquisición Total de préstamos Signatura topográfica completa Código de barras Visto por última vez Precio de reemplazo Tipo de ítem Koha
        Biblioteca del Ateneo de Madrid Biblioteca del Ateneo de Madrid Depósito 2 17/01/2008     L-4114 1117660 23/02/2023 23/02/2023 Libro impreso